Covert action :the roots of terrorism / (Record no. 185289)

000 -LEADER
fixed length control field 01497 a2200325 4500
003 - CONTROL NUMBER IDENTIFIER
control field NUST
005 - DATE AND TIME OF LATEST TRANSACTION
control field 20221230173431.0
010 ## - LIBRARY OF CONGRESS CONTROL NUMBER
LC control number 2003107189
020 ## - INTERNATIONAL STANDARD BOOK NUMBER
International Standard Book Number 1876175842 (pbk.)
035 ## - SYSTEM CONTROL NUMBER
System control number (DLC) 2003107189
040 ## - CATALOGING SOURCE
Transcribing agency Nust
082 00 - DEWEY DECIMAL CLASSIFICATION NUMBER
Classification number 363.32,COV
245 00 - TITLE STATEMENT
Title Covert action :the roots of terrorism /
Statement of responsibility, etc. edited and with introductions by Ellen Ray and William H. Schaap
246 14 - VARYING FORM OF TITLE
Title proper/short title Covert action
260 ## - PUBLICATION, DISTRIBUTION, ETC.
Place of publication, distribution, etc. Melbourne ;
-- New York :
Name of publisher, distributor, etc. Ocean Press,
Date of publication, distribution, etc. 2003.
300 ## - PHYSICAL DESCRIPTION
Extent 310 p. ;
Dimensions 23 cm.
505 ## - FORMATTED CONTENTS NOTE
Formatted contents note War without End (Page-1), From Cuba to Afghanistan (Page-29), Terrorist Wars in the Middle East (Page-121), Iran-contra and Israel lobby (Page-157), The Bush family (page-188), Iran and the Gulf wars (Page-206), End Game:The fundamentalists ascend (Page-235).
650 #0 - SUBJECT ADDED ENTRY--TOPICAL TERM
Topical term or geographic name entry element Intelligence service
Geographic subdivision United States.
9 (RLIN) 106524
650 #0 - SUBJECT ADDED ENTRY--TOPICAL TERM
Topical term or geographic name entry element Subversive activities
Geographic subdivision United States.
9 (RLIN) 106525
650 #0 - SUBJECT ADDED ENTRY--TOPICAL TERM
Topical term or geographic name entry element Terrorism
General subdivision Government policy
Geographic subdivision United States.
9 (RLIN) 14605
650 #0 - SUBJECT ADDED ENTRY--TOPICAL TERM
Topical term or geographic name entry element Terrorism.
651 #0 - SUBJECT ADDED ENTRY--GEOGRAPHIC NAME
Geographic name United States
General subdivision Foreign relations
Chronological subdivision 20th century.
9 (RLIN) 105669
651 #0 - SUBJECT ADDED ENTRY--GEOGRAPHIC NAME
Geographic name United States
General subdivision Foreign relations
Chronological subdivision 21st century.
9 (RLIN) 105683
700 1# - ADDED ENTRY--PERSONAL NAME
Personal name Ray, Ellen.
9 (RLIN) 106526
700 1# - ADDED ENTRY--PERSONAL NAME
Personal name Schaap, William H.
9 (RLIN) 106527
710 2# - ADDED ENTRY--CORPORATE NAME
Corporate name or jurisdiction name as entry element Institute for Media Analysis.
9 (RLIN) 106528
856 41 - ELECTRONIC LOCATION AND ACCESS
Materials specified Publisher description
Uniform Resource Identifier <a href="http://www.loc.gov/catdir/description/cons041/2003107189.html">http://www.loc.gov/catdir/description/cons041/2003107189.html</a>
856 41 - ELECTRONIC LOCATION AND ACCESS
Materials specified Table of contents only
Uniform Resource Identifier <a href="http://www.loc.gov/catdir/toc/fy0711/2003107189.html">http://www.loc.gov/catdir/toc/fy0711/2003107189.html</a>
942 ## - ADDED ENTRY ELEMENTS (KOHA)
Source of classification or shelving scheme
Koha item type Book
Call number prefix 363.32,COV
Holdings
Withdrawn status Lost status Source of classification or shelving scheme Damaged status Not for loan Permanent Location Current Location Shelving location Date acquired Full call number Barcode Date last seen Price effective from Koha item type Public note
          Military College of Signals (MCS) Military College of Signals (MCS) General Stacks 12/12/2016 363.32,COV MCS30640 12/08/2016 12/12/2016 Book Almirah No.54, Shelf No.1
© 2023 Central Library, National University of Sciences and Technology. All Rights Reserved.